000 01496nam0a22003371 4500
001 rc\2280440
005 20250623041623.0
035 _a(NLR Aleph) 006559810
090 _a6831214
_c6831214
100 _a20110829d1977 |||y0rusy50 ca
101 0 _arus
102 _aRU
105 _aa z |||||
200 1 _aСгорание в быстроходных поршневых двигателях
_fА.Н. Воинов
205 _a2-е изд., перераб. и доп.
210 _aМосква
_cМашиностроение
_d1977
215 _a277 с.
_cил.
_d22
300 _aЗагл. 1-го изд.: Процессы сгорания в быстроходных поршневых двигателях
320 _aСписок лит.: с. 271-275 (111 назв.)
451 0 _12001#$aПроцессы сгорания в быстроходных поршневых двигателях
_1205##$a1-е изд.
_tПроцессы сгорания в быстроходных поршневых двигателях
606 _aГорение, теория
_2psbo
606 _aДвигатели внутреннего сгорания
_xРабочий процесс
_2psbo
686 _aз365-011.2,07
_2rubbk
700 1 _aВоинов
_bА.Н.
_gАлексей Николаевич
801 0 _aRU
_bNLR
_gpsbo
801 1 _aRU
_bELAR
_2rusmarc
852 _aNLR
_j77-5/1883
899 _aRuMoRGB
_jБ 77-7/414
899 _aRuMoRGB
_jБ 77-7/415
942 _cBOOK
980 _aNB